[Event "66th ch-GRE 2017"]
[Site "Thessaloniki GRE"]
[Date "2017.03.08"]
[Round "5.5"]
[White "Ladopoulos,D"]
[Black "Halkias,S"]
[Result "0-1"]
[WhiteElo "2138"]
[BlackElo "2584"]

1.e4 e5 2.Nf3 Nc6 3.Bb5 a6 4.Ba4 Nf6 5.O-O Be7 6.Re1 b5 7.Bb3 d6 8.c3 O-O 9.h3
Na5 10.Bc2 c5 11.d4 Nd7 12.Nbd2 exd4 13.cxd4 Nc6 14.Nb3 Bb7 15.Be3 Rc8 16.Rc1
c4 17.Nbd2 Re8 18.Nf1 g6 19.Ng3 d5 20.e5 Nf8 21.Nh2 Ne6 22.Ng4 Bg5 23.Ne2 f5
24.Bxg5 Qxg5 25.Nf6+ Kh8 26.Nxe8 Rxe8 27.Rf1 Nf4 28.g3 Nxe2+ 29.Qxe2 Nxd4
30.Qd1 Qd2 31.f4 Qxc1 32.Qxd4 Qxc2 33.e6+ Kg8 34.Qa7 Qd3 35.Qxb7 Qxg3+ 36.Kh1
Qxh3+ 37.Kg1 Qe3+ {#R} 0-1

[Event "ch-IRI 2017"]
[Site "Tehran IRI"]
[Date "2017.03.08"]
[Round "5.2"]
[White "Lorparizangeneh,S"]
[Black "Gholami,A"]
[Result "1-0"]
[WhiteElo "2524"]
[BlackElo "2426"]

1.d4 Nf6 2.c4 e6 3.Nf3 b6 4.a3 Bb7 5.Nc3 Ne4 6.Nxe4 Bxe4 7.e3 Be7 8.Bd3 Bxd3
9.Qxd3 O-O 10.O-O d6 11.d5 e5 12.b4 f5 13.e4 f4 14.c5 Nd7 15.c6 Nf6 16.Ng5 Qc8
17.Ne6 Rf7 18.Ng5 Rf8 19.Ne6 Rf7 20.g3 Nh5 21.gxf4 Nxf4 22.Bxf4 exf4 23.Ra2
Rf6 24.Kh1 Rxe6 25.dxe6 Qxe6 26.Re2 a6 27.Qd5 Qxd5 28.exd5 Bf6 29.Re6 Kf7
30.Kg2 Re8 31.Rxe8 Kxe8 32.Kf3 Be5 33.h4 Kf7 34.Kg4 Kf6 35.h5 Kf7 36.Re1 Bc3
37.Re6 a5 38.bxa5 Bxa5 39.Rxd6 b5 40.Rd7+ Kf6 41.d6 {#r} 1-0

[Event "ch-IRI 2017"]
[Site "Tehran IRI"]
[Date "2017.03.08"]
[Round "5.3"]
[White "Mosadeghpour,Masoud"]
[Black "Darini,P"]
[Result "0-1"]
[WhiteElo "2444"]
[BlackElo "2518"]

1.c4 Nf6 2.Nc3 g6 3.g3 Bg7 4.Bg2 O-O 5.d4 d6 6.Nf3 Nc6 7.O-O Bg4 8.h3 Bxf3
9.Bxf3 Nd7 10.e3 e5 11.d5 Ne7 12.e4 Kh8 13.Rb1 a5 14.a3 Ng8 15.b4 axb4 16.axb4
f5 17.Qd3 Qe7 18.Bb2 Nh6 19.Bg2 f4 20.Nb5 Nb8 21.Rfc1 Na6 22.Ba3 b6 23.Ra1 Nf7
24.Qb3 Bh6 25.Rc2 fxg3 26.fxg3 c5 27.dxc6 Nd8 28.Nc3 Nxc6 29.Nd5 Nd4 30.Qd3
Qb7 31.Rca2 Nc7 32.c5 Nxd5 33.exd5 bxc5 34.bxc5 Qb3 35.Qxb3 Nxb3 36.Re1 Bc1
37.Kh2 Rxa3 38.Rxa3 Bxa3 39.Re3 Nxc5 40.Rxa3 e4 41.g4 Rf2 42.Kg3 Rd2 43.Bf1
Rxd5 44.Kf4 Re5 45.Ra8+ Kg7 46.Ra7+ Kf6 47.Rxh7 Ne6+ 48.Kg3 e3 49.h4 e2 50.g5+
Nxg5 51.hxg5+ Kxg5 52.Bxe2 Rxe2 53.Kf3 Rd2 54.Rd7 Rd1 55.Ke2 Rd5 56.Kf3 Rf5+
57.Kg3 Rf6 58.Ra7 Kf5 59.Kf3 Ke5+ 60.Ke3 d5 61.Re7+ Re6 62.Ra7 Kf5+ 63.Kf3 g5
{#R} 0-1

[Event "ch-IRI 2017"]
[Site "Tehran IRI"]
[Date "2017.03.08"]
[Round "5.4"]
[White "Pourramezanali,A"]
[Black "Tabatabaei,M"]
[Result "1-0"]
[WhiteElo "2510"]
[BlackElo "2515"]

1.d4 d5 2.Nf3 Nf6 3.e3 Bg4 4.c4 c6 5.Nc3 e6 6.h3 Bxf3 7.Qxf3 Bb4 8.Bd2 O-O
9.Bd3 Nbd7 10.a3 Ba5 11.b4 Bc7 12.O-O Nb6 13.c5 Nbd7 14.b5 e5 15.Qd1 e4
16.bxc6 exd3 17.cxd7 Qxd7 18.Qb1 Qf5 19.Qxb7 Rac8 20.Rad1 Rfe8 21.Qa6 Ne4
22.Qxd3 Re6 23.Nxe4 dxe4 24.Qe2 Rg6 25.Kh1 Re8 26.f4 exf3 27.Qxf3 Qd7 28.Qf5
Qe7 29.d5 Rf6 30.Qc2 {#r} 1-0

[Event "ch-IRI 2017"]
[Site "Tehran IRI"]
[Date "2017.03.08"]
[Round "5.6"]
[White "Bagheri,Maziar"]
[Black "Ghaem Maghami,E"]
[Result "0-1"]
[WhiteElo "2302"]
[BlackElo "2577"]

1.Nf3 c5 2.c4 Nc6 3.g3 g6 4.Bg2 Bg7 5.O-O d6 6.Nc3 Bf5 7.d3 Qd7 8.Bd2 Nf6 9.a3
Bh3 10.Rb1 Bxg2 11.Kxg2 O-O 12.b4 Rac8 13.b5 Nd8 14.e4 Nh5 15.Nh4 e6 16.g4
Bxc3 17.gxh5 Bxd2 18.Qxd2 e5 19.Nf5 Ne6 20.Ng3 Nf4+ 21.Kh1 Qh3 22.Rg1 Nxh5
23.Qe3 Nf4 24.Nf5 Rcd8 25.Rg3 Qh5 26.Rgg1 Kh8 27.Ng3 Qh3 28.f3 Ne6 29.Ne2 f5
30.Rg3 Qh5 31.exf5 Rxf5 32.Rg4 Rf7 33.Ng3 Qh3 34.Rb2 Rdf8 35.Rf2 Nd4 36.Qg5
Nxf3 {#R} 0-1

[Event "Accentus Young Masters"]
[Site "Bad Ragaz SUI"]
[Date "2017.03.08"]
[Round "8.2"]
[White "Demuth,A"]
[Black "Kaczmarczyk,D"]
[Result "1-0"]
[WhiteElo "2527"]
[BlackElo "2411"]

1.c4 c5 2.Nf3 Nc6 3.Nc3 g6 4.e3 Nf6 5.d4 cxd4 6.exd4 d5 7.cxd5 Nxd5 8.Qb3 e6
9.Bb5 Bg7 10.Bg5 Qb6 11.Na4 Qa5+ 12.Bd2 Qc7 13.Rc1 O-O 14.Bxc6 bxc6 15.O-O a5
16.Rfe1 Ba6 17.Ne5 Bb5 18.Nc5 a4 19.Qh3 Rfe8 20.Bh6 Bh8 21.Qf3 Rad8 22.Re4 f6
23.Ned3 f5 24.Ree1 Bxd3 25.Qxd3 e5 26.Bg5 Ra8 27.Qc4 exd4 28.Rxe8+ Rxe8 29.Nd3
Qd7 30.h3 a3 31.bxa3 Qf7 32.Qxc6 Nc3 33.Re1 Rxe1+ 34.Nxe1 Bg7 35.Nd3 h6 36.Bf4
Ne2+ 37.Kf1 Nxf4 38.Nxf4 g5 39.Qc8+ Kh7 40.Qe6 Kg8 41.Qxf7+ Kxf7 42.Nd3 Ke6
43.a4 Bf6 44.a5 Bd8 45.a6 Bb6 46.Ke2 Kd5 47.g4 fxg4 48.hxg4 Ba7 49.f3 Bb6
50.Kd2 Kc4 51.Ne5+ Kd5 52.Nf7 Ke6 53.Nxh6 Ke5 54.Ke2 Kf4 55.a4 d3+ 56.Kxd3
Kxf3 57.Kc4 {#r} 1-0

[Event "Accentus Young Masters"]
[Site "Bad Ragaz SUI"]
[Date "2017.03.08"]
[Round "8.3"]
[White "Dragnev,Valentin"]
[Black "Heimann,An"]
[Result "0-1"]
[WhiteElo "2520"]
[BlackElo "2588"]

1.e4 c5 2.Nf3 d6 3.Bb5+ Nd7 4.d4 cxd4 5.Qxd4 a6 6.Bxd7+ Bxd7 7.c4 Nf6 8.Bg5 e6
9.Nc3 h6 10.Bxf6 Qxf6 11.e5 dxe5 12.Nxe5 O-O-O 13.O-O-O Be8 14.Qe3 Bb4 15.Ne2
Ba4 16.b3 Bc6 17.f3 Bd6 18.Rxd6 Rxd6 19.Rd1 Rxd1+ 20.Kxd1 Rd8+ 21.Kc2 Qf5+
22.Kb2 f6 23.Nxc6 bxc6 24.f4 Kb7 25.Nd4 Qc5 26.Kc3 e5 27.fxe5 fxe5 28.Nc2
Qxe3+ 29.Nxe3 e4 30.Kc2 Kb6 31.b4 a5 32.a3 Rd3 33.Nf5 Rxa3 34.bxa5+ Rxa5 35.g4
h5 36.Nxg7 hxg4 37.Kd2 e3+ 38.Kxe3 Rg5 {#R} 0-1

[Event "Accentus Young Masters"]
[Site "Bad Ragaz SUI"]
[Date "2017.03.08"]
[Round "8.4"]
[White "Hera,I"]
[Black "Gaehwiler,G"]
[Result "1-0"]
[WhiteElo "2609"]
[BlackElo "2401"]

1.c4 e5 2.Nc3 Bb4 3.Nd5 a5 4.a3 Bc5 5.Nf3 d6 6.d4 exd4 7.Nxd4 Nc6 8.Nb5 Bb6
9.Nxb6 cxb6 10.Bf4 Nge7 11.Qxd6 O-O 12.Qxd8 Nxd8 13.Nc7 {#r} 1-0

[Event "Accentus Young Masters"]
[Site "Bad Ragaz SUI"]
[Date "2017.03.08"]
[Round "8.5"]
[White "Baenziger,Fabian"]
[Black "Colmenares,A"]
[Result "0-1"]
[WhiteElo "2341"]
[BlackElo "2370"]

1.d4 Nf6 2.c4 c6 3.Nc3 d5 4.cxd5 cxd5 5.Bf4 Nc6 6.e3 e6 7.Bd3 Be7 8.h3 a6
9.Rc1 Bd7 10.Nf3 b5 11.O-O O-O 12.Ne5 Na5 13.Qe2 Rc8 14.Rc2 Nc4 15.Rfc1 Be8
16.b3 Na3 17.Nxd5 Nxc2 18.Nxe7+ Qxe7 19.Bxc2 Kh8 20.e4 Qa3 21.Nd3 Nd7 22.Bb1
Rxc1+ 23.Bxc1 Qd6 24.Bb2 f6 25.h4 e5 26.d5 b4 27.h5 h6 28.g4 Bf7 29.Ne1 Nc5
30.Ng2 Be8 31.Ne3 Bd7 32.Qd1 Rc8 33.Nc4 Qb8 34.f4 Na4 35.Ba1 Nc3 36.Qd3 Bb5
37.Bxc3 bxc3 38.fxe5 fxe5 39.Bc2 Bxc4 40.bxc4 Rf8 41.c5 Qc8 42.Qxc3 {#R} 0-1

[Event "Stockholm Chess Challenge"]
[Site "Stockholm SWE"]
[Date "2017.03.08"]
[Round "4.1"]
[White "Haubro,M"]
[Black "Blomqvist,E"]
[Result "0-1"]
[WhiteElo "2347"]
[BlackElo "2554"]

1.e4 e5 2.Nf3 Nc6 3.Bb5 a6 4.Ba4 Nf6 5.O-O Be7 6.Re1 b5 7.Bb3 d6 8.c3 O-O 9.h3
Bb7 10.d4 Re8 11.Ng5 Rf8 12.Nf3 Nd7 13.Nbd2 exd4 14.cxd4 Bf6 15.Nf1 Na5 16.Bc2
Re8 17.Bf4 Nf8 18.Rb1 Ng6 19.Bg3 c5 20.d5 Nc4 21.N3d2 Nxd2 22.Qxd2 Bc8 23.f4
Bd4+ 24.Kh1 Qf6 25.Nh2 Bd7 26.Bd1 c4 27.Nf3 Bc5 28.f5 Ne5 29.Nxe5 dxe5 30.Rf1
Bd4 31.Rf3 a5 32.Be2 Rec8 33.Qe1 b4 34.Bh4 Qh6 35.f6 g6 36.Qg3 Qd2 37.Re1 h6
38.Rf5 Bxf5 39.exf5 g5 40.Rd1 Qxe2 {#R} 0-1

[Event "Stockholm Chess Challenge"]
[Site "Stockholm SWE"]
[Date "2017.03.08"]
[Round "4.2"]
[White "Tukhaev,A"]
[Black "Bajarani,U"]
[Result "0-1"]
[WhiteElo "2541"]
[BlackElo "2466"]

1.e4 e6 2.d4 d5 3.e5 c5 4.c3 Nc6 5.Nf3 Qb6 6.Na3 cxd4 7.cxd4 Nge7 8.Nc2 Nf5
9.Bd3 Bb4+ 10.Bd2 Bxd2+ 11.Qxd2 Qxb2 12.O-O Qb6 13.h4 Qd8 14.h5 Nh4 15.Nh2 Nf5
16.Qf4 h6 17.g4 Nfe7 18.Kh1 Bd7 19.Rab1 Qc7 20.Qe3 Na5 21.Rfc1 Nc4 22.Na3 Bc6
23.Bxc4 dxc4+ 24.Kg1 Nd5 25.Qg3 c3 26.Nc4 O-O 27.Nd6 f6 28.Rxc3 Nxc3 29.Qxc3
Qe7 30.Qe3 Rad8 31.f4 Rxd6 32.exd6 Qxd6 33.Re1 Rd8 {#R} 0-1

[Event "Stockholm Chess Challenge"]
[Site "Stockholm SWE"]
[Date "2017.03.08"]
[Round "4.4"]
[White "Westerberg,J"]
[Black "Lindgren,P"]
[Result "0-1"]
[WhiteElo "2475"]
[BlackElo "2421"]

1.d4 d5 2.c4 e6 3.Nf3 Nf6 4.e3 Nbd7 5.Nbd2 b6 6.Bd3 Bb7 7.b3 Bd6 8.Bb2 Ne4
9.O-O O-O 10.Qe2 f5 11.Rfd1 Qf6 12.Nf1 Qh6 13.Ne5 Nxe5 14.dxe5 Bc5 15.cxd5
exd5 16.Rac1 Rf7 17.f3 Ng5 18.Kh1 Ne6 19.Ba6 Bxa6 20.Qxa6 Bxe3 21.Nxe3 Qxe3
22.Qb7 Rd8 23.Rxd5 Rxd5 24.Qxd5 Nf4 25.Qd8+ Rf8 26.Qg5 h6 27.Qg3 Nd3 28.Rc2 f4
29.Qh4 g5 {#R} 0-1

[Event "Stockholm Chess Challenge"]
[Site "Stockholm SWE"]
[Date "2017.03.08"]
[Round "4.5"]
[White "Mihajlov,Seb"]
[Black "Kaasen,Tor Fredrik"]
[Result "0-1"]
[WhiteElo "2346"]
[BlackElo "2442"]

1.d4 Nf6 2.Nf3 g6 3.c4 Bg7 4.Nc3 O-O 5.e4 d6 6.Be2 e5 7.O-O Nc6 8.d5 Ne7 9.Ne1
Nd7 10.Be3 f5 11.f3 f4 12.Bf2 g5 13.Rc1 Ng6 14.c5 Nxc5 15.b4 Na6 16.Nd3 Rf7
17.Nb5 Bd7 18.a4 h5 19.Nxa7 Bf8 20.Nc6 bxc6 21.dxc6 Be6 22.b5 Qc8 23.bxa6 Rxa6
24.Nb4 Ra8 25.Nd5 g4 26.Rb1 Ne7 27.Bb5 Nxd5 28.exd5 Bf5 29.Bd3 Bxd3 30.Qxd3
Rxa4 31.Ra1 Rxa1 32.Rxa1 gxf3 33.gxf3 Qh3 34.Kh1 Rg7 35.Rg1 Be7 36.Ba7 Rxg1+
37.Kxg1 Kg7 38.Bb8 Bd8 39.Ba7 Kh6 40.Qe4 Qh4 41.Bf2 Qg5+ 42.Kf1 Qf6 43.h3 Qf8
44.Qb1 Qf7 45.Qe4 Bg5 46.Ke2 Qf6 47.Qb1 Bh4 48.Bxh4 Qxh4 49.Qb8 Qe7 50.Kd3 Qf7
51.Kc4 e4 52.Qb1 exf3 53.Qe4 f2 54.Qf3 Qf5 55.Qxf2 Qe4+ 56.Qd4 Qxd4+ 57.Kxd4
Kg5 58.Ke4 h4 59.Kd3 Kf5 60.Kd4 f3 61.Ke3 f2 62.Kxf2 Kf4 {#R} 0-1

[Event "Stockholm Chess Challenge"]
[Site "Stockholm SWE"]
[Date "2017.03.08"]
[Round "4.7"]
[White "Risting,Eivind Olav"]
[Black "Pogosyan,Stefan"]
[Result "0-1"]
[WhiteElo "2283"]
[BlackElo "2215"]

1.Nf3 d5 2.g3 Nf6 3.Bg2 c6 4.O-O Bf5 5.d3 h6 6.Nbd2 e6 7.Qe1 Be7 8.e4 Bh7
9.Qe2 O-O 10.b3 a5 11.a3 Re8 12.Bb2 Na6 13.Ne5 Nc5 14.f4 Na4 15.bxa4 Qb6+
16.Kh1 Qxb2 17.Nb3 Qc3 18.Qd2 Qxd2 19.Nxd2 dxe4 20.Nxe4 Nxe4 21.dxe4 Red8
22.Rfd1 Bxa3 23.Nd7 Bb4 24.c4 Bg6 25.g4 f6 26.Rd3 Kf7 27.f5 Ke7 28.Rad1 Be8
29.fxe6 Kxe6 30.Nf8+ Ke7 31.Rxd8 Rxd8 32.Rxd8 Kxd8 33.Ne6+ Kd7 34.Nxg7 Bf7
35.Bf1 Kd6 36.Nf5+ Kc5 37.Nxh6 Bxc4 38.Bxc4 Kxc4 39.Nf5 b5 40.e5 bxa4 41.Nd6+
Kd3 {#R} 0-1

[Event "Stockholm Chess Challenge"]
[Site "Stockholm SWE"]
[Date "2017.03.08"]
[Round "4.8"]
[White "Kenneskog,Theodor"]
[Black "Pantzar,Milton"]
[Result "1-0"]
[WhiteElo "2323"]
[BlackElo "2257"]

1.e4 e5 2.Nf3 Nc6 3.Bb5 a6 4.Ba4 Nf6 5.O-O Be7 6.Re1 b5 7.Bb3 d6 8.c3 O-O 9.h3
Na5 10.Bc2 c5 11.d4 Qc7 12.Nbd2 Bd7 13.Nf1 Nc4 14.b3 Nb6 15.Ne3 Rfe8 16.Bd2 c4
17.Nf5 Bxf5 18.exf5 Bf8 19.Rc1 Rac8 20.b4 g6 21.fxg6 hxg6 22.Ra1 Bg7 23.a4
Nfd5 24.a5 Nd7 25.Re4 exd4 26.Nxd4 Rxe4 27.Bxe4 Nxb4 28.Bg5 Nd3 29.Qg4 b4
30.Ne6 N7e5 31.Nxc7 Nxg4 32.Nd5 Re8 33.Bxd3 cxd3 34.hxg4 Re5 35.Nf6+ Kh8 36.f4
Re6 37.cxb4 Bxf6 38.Bxf6+ Rxf6 39.b5 Rxf4 40.bxa6 Rc4 41.a7 Rc8 42.Kf2 Ra8
43.Ke3 Kg7 44.Kxd3 Kf6 45.Kc4 Rxa7 46.Kb5 Kg5 47.Ra4 Kh4 48.Kb6 Ra8 49.Kb7 Re8
50.a6 Kg3 51.a7 Kxg2 52.a8=Q Rxa8 53.Kxa8 Kg3 54.g5 {#r} 1-0

[Event "Stockholm Chess Challenge"]
[Site "Stockholm SWE"]
[Date "2017.03.08"]
[Round "4.9"]
[White "Hambleton,A"]
[Black "Thorn,E"]
[Result "1-0"]
[WhiteElo "2441"]
[BlackElo "2284"]

1.d4 Nf6 2.c4 g6 3.Nc3 Bg7 4.e4 d6 5.f3 O-O 6.Be3 e5 7.Nge2 c6 8.Qd2 Nbd7 9.d5
cxd5 10.cxd5 a6 11.g4 b5 12.Ng3 Nb6 13.b3 Bd7 14.Rc1 Rc8 15.Bd3 Na8 16.Nce2
Rxc1+ 17.Nxc1 a5 18.h4 b4 19.g5 Nh5 20.Nxh5 gxh5 21.Ne2 f5 22.exf5 Bxf5 23.O-O
Qd7 24.Bxf5 Qxf5 25.Ng3 Qh3 26.Qg2 Qxg2+ 27.Kxg2 Rc8 28.Ne4 Rc2+ 29.Rf2 Rxf2+
30.Kxf2 Bf8 31.Ke2 Nc7 32.Nf6+ Kf7 33.Bb6 Nb5 34.Bxa5 Be7 35.Bxb4 h6 36.Ne4
hxg5 37.Nxg5+ Bxg5 38.hxg5 Kg6 39.a4 Nd4+ 40.Kf2 Nxb3 41.a5 Nd4 42.a6 Nb5
43.Bxd6 {#r} 1-0

[Event "Stockholm Chess Challenge"]
[Site "Stockholm SWE"]
[Date "2017.03.08"]
[Round "4.10"]
[White "Tryggestad,Andreas Garberg"]
[Black "Tuomainen,Felix"]
[Result "0-1"]
[WhiteElo "2324"]
[BlackElo "2297"]

1.d4 d5 2.c4 c6 3.Nf3 Nf6 4.Nc3 e6 5.g3 dxc4 6.Bg2 c5 7.Qa4+ Nbd7 8.O-O Be7
9.dxc5 Bxc5 10.Qxc4 O-O 11.b4 Be7 12.Rd1 Qe8 13.e4 b5 14.Qb3 Nb6 15.Nd4 e5
16.Ndxb5 Be6 17.Qb1 Qc6 18.Bd2 Nc4 19.Bg5 a6 20.Nd5 Bxd5 21.exd5 Qxb5 22.d6
Nxd6 23.Bxa8 Rxa8 24.Bxf6 gxf6 25.a3 Qe2 26.Qd3 Qxd3 27.Rxd3 a5 28.Rc1 axb4
29.axb4 Rb8 30.Rc7 Kf8 31.Rc6 Nf5 32.Rd7 Rxb4 33.Rc8+ Kg7 34.Rcc7 Kf8 35.Rc8+
Kg7 36.Rcc7 Bd6 37.Rxf7+ Kg6 38.Rcd7 h5 39.h3 Bc5 40.Rc7 Bb6 41.Rb7 Rb2 42.g4
hxg4 43.hxg4 Bxf2+ 44.Kg2 Nh4+ 45.Kh3 Rxb7 46.Rxb7 e4 47.Rb2 e3 48.Ra2 Kg5
49.Rb2 Kf4 50.Rb6 Ke5 51.Rb5+ Ke4 52.Rb6 Nf3 53.Kg2 Bh4 54.Rb4+ Nd4 55.Rb8 e2
56.Re8+ Kf4 57.g5 fxg5 {#R} 0-1

[Event "Stockholm Chess Challenge"]
[Site "Stockholm SWE"]
[Date "2017.03.08"]
[Round "4.11"]
[White "Sahil,Tic"]
[Black "Rakesh,Kumar Jena"]
[Result "0-1"]
[WhiteElo "2180"]
[BlackElo "2315"]

1.d4 b6 2.Nf3 Bb7 3.g3 Nf6 4.Bg2 e6 5.O-O Be7 6.c4 O-O 7.Nc3 d5 8.b3 c5 9.dxc5
bxc5 10.cxd5 exd5 11.e3 Nc6 12.Bb2 Rc8 13.Nh4 d4 14.exd4 cxd4 15.Nb5 d3
16.Nxa7 Nxa7 17.Bxb7 Rc2 18.Rb1 Bc5 19.Qf3 Re8 20.Bxf6 Qxf6 21.Qxf6 gxf6
22.Rbd1 d2 23.Nf3 Rd8 24.a4 Rb2 25.Be4 Bb4 26.Ne1 Rd4 27.Nd3 Rxb3 28.Nxb4
Rbxb4 29.Bf5 Rxa4 30.f4 Nb5 31.Kf2 Nc3 32.Ke3 Nd5+ 33.Ke2 Nc3+ 34.Ke3 Rd5
35.Bc2 Nxd1+ 36.Rxd1 Rad4 37.Be4 Rd8 38.Bf3 R4d6 39.Kf2 Kf8 40.Bg4 h6 41.Kf1
Rd4 42.Kf2 Ke7 43.Ke3 R8d6 44.Bh5 R4d5 45.Bf3 Rd3+ 46.Ke2 Kd8 47.Bh5 Kc7
48.Bxf7 Kc6 49.Bg6 R3d4 50.Ke3 Kc5 51.Kf3 Kc4 52.Kg4 Kc3 53.Kh5 Re6 54.Kxh6
Re1 55.Bh5 Rxd1 56.Bxd1 Re4 57.Kg6 Re1 58.Bg4 f5 59.Kxf5 Kd3 60.h4 Re2 61.h5
d1=Q 62.h6 Qb3 63.Bxe2+ Kxe2 64.g4 Qf7+ 65.Kg5 Kf3 66.f5 Qg8+ 67.Kf6 Kxg4 {#R}
0-1

[Event "FSGM March 2017"]
[Site "Budapest HUN"]
[Date "2017.03.08"]
[Round "5.1"]
[White "Petrov,N"]
[Black "Chekletsov,Ilya"]
[Result "1-0"]
[WhiteElo "2511"]
[BlackElo "2391"]

1.e4 c6 2.d4 d5 3.e5 Bf5 4.h4 h6 5.g4 Bd7 6.Nc3 e6 7.Be3 Qc7 8.f4 c5 9.Nf3
cxd4 10.Nxd4 a6 11.Qd2 Nc6 12.O-O-O Nxd4 13.Bxd4 h5 14.gxh5 Ne7 15.Qf2 Rxh5
16.Bc5 Ng6 17.Bxf8 Nxf8 18.Rg1 g6 19.Be2 Rh8 20.h5 O-O-O 21.hxg6 Nxg6 22.Bd3
Ne7 23.Rg7 Rdf8 24.Kb1 Kb8 25.a3 Be8 26.Ne2 Rfg8 27.Rdg1 Rxg7 28.Rxg7 Nc6
29.Qg1 Qe7 30.Ka2 Ka8 31.Nc1 Qh4 32.Rg4 Qd8 33.Nb3 Nb8 34.Qc5 Nc6 35.Rg7 Qe7
36.Qxe7 Nxe7 37.Nd4 Nc6 38.Nxc6 bxc6 39.Bxa6 Ka7 40.Bd3 Kb6 41.Bh7 c5 42.b4
cxb4 43.axb4 Kb5 44.Kb3 Kb6 45.c3 Ka6 46.Kc2 Kb5 47.Kd3 Ka4 48.Kd4 Kb3 49.Rg8
Rxh7 50.Rxe8 Rh4 51.b5 Rxf4+ 52.Kd3 Rf3+ 53.Ke2 Rxc3 54.b6 Kc2 55.b7 d4
56.b8=Q d3+ 57.Kf2 d2 58.Rd8 {#r} 1-0

[Event "FSGM March 2017"]
[Site "Budapest HUN"]
[Date "2017.03.08"]
[Round "5.2"]
[White "Kollars,Dmitrij"]
[Black "Colpe,M"]
[Result "1-0"]
[WhiteElo "2502"]
[BlackElo "2408"]

1.e4 e6 2.d4 d5 3.Nc3 Bb4 4.e5 c5 5.a3 Bxc3+ 6.bxc3 Ne7 7.Qg4 cxd4 8.Bd3 Qa5
9.Ne2 O-O 10.Bg5 Ng6 11.Qg3 Nd7 12.h4 dxc3 13.f4 h5 14.Qe3 Qb6 15.Nd4 Nb8
16.Ke2 Nc6 17.Nxc6 Qxe3+ 18.Kxe3 bxc6 19.g4 hxg4 20.h5 f6 21.exf6 gxf6 22.Bh6
d4+ 23.Kf2 Ne7 24.Bxf8 Kxf8 25.h6 Kg8 26.Kg3 f5 27.Rab1 Kh7 28.Rh5 c5 29.Bc4
Ng8 30.Rg5 Nf6 31.Kh4 Kxh6 32.Bd3 Bd7 33.Rb7 a5 34.Rb6 Rf8 35.Bc4 Re8 36.Bd3
Rf8 37.Bc4 Ne4 38.Bxe6 Nxg5 39.Bxd7+ Kg7 40.Kxg5 d3 41.Be6 Rf7 42.Rb1 Re7
43.Bxf5 d2 44.Bxg4 Re1 45.Rb7+ Kg8 46.Rd7 Rc1 47.Kf6 Rg1 48.Rd8+ Kh7 49.Bf5+
Kh6 50.Rh8# 1-0

[Event "FSGM March 2017"]
[Site "Budapest HUN"]
[Date "2017.03.08"]
[Round "5.4"]
[White "Heinz,Ti"]
[Black "Czebe,A"]
[Result "0-1"]
[WhiteElo "2375"]
[BlackElo "2490"]

1.c4 e5 2.Nc3 Nf6 3.Nf3 Nc6 4.d3 Bc5 5.e3 O-O 6.Be2 a6 7.O-O d6 8.a3 Ba7 9.b4
h6 10.Bb2 Ne7 11.d4 exd4 12.Nxd4 c5 13.Nc2 Be6 14.Qd2 Rc8 15.Rfd1 Ng6 16.Nd5
Bxd5 17.cxd5 Ne4 18.Qd3 Re8 19.bxc5 dxc5 20.Bf3 c4 21.Qe2 c3 22.Bc1 Rc5 23.Nb4
a5 24.Na2 c2 25.Rd4 Ng5 26.Bh5 Rxd5 27.Rxd5 Qxd5 28.Bxg6 Qe5 29.Bxc2 Qxa1
30.h4 Ne4 31.Qb5 Qe5 32.Qxb7 Bb8 33.f4 Qe7 34.Qa6 Nd6 35.Ba4 Rc8 36.Qxa5 Rxc1+
37.Nxc1 Qxe3+ 38.Kh2 Qxf4+ 39.g3 Qf2+ 40.Kh3 Qf1+ 41.Kh2 Qf2+ 42.Kh3 Ne8
43.Qc3 Qf5+ 44.Kh2 Nf6 45.Bc2 Qf2+ 46.Kh3 Qf1+ 47.Kh2 Ng4# 0-1

[Event "FSGM March 2017"]
[Site "Budapest HUN"]
[Date "2017.03.08"]
[Round "5.5"]
[White "Kovalev,An"]
[Black "Torma,R"]
[Result "1-0"]
[WhiteElo "2504"]
[BlackElo "2499"]

1.e4 e6 2.d4 d5 3.exd5 exd5 4.Nf3 Bd6 5.c4 Nf6 6.Nc3 O-O 7.cxd5 h6 8.Ne5 Nbd7
9.Nxd7 Qxd7 10.Bb5 Qf5 11.Bd3 Re8+ 12.Kf1 Qd7 13.Qf3 Qe7 14.Bf4 a6 15.a3 Bg4
16.Qe3 Bxf4 17.Qxf4 Rad8 18.f3 Bc8 19.Kf2 g5 20.Qd2 Nxd5 21.Nxd5 Rxd5 22.Rhe1
Qd8 23.Rxe8+ Qxe8 24.Bc4 Rd6 25.Re1 Be6 26.h4 Qd8 27.Bxe6 Rxe6 28.Rxe6 fxe6
29.Qd3 Qf6 30.hxg5 hxg5 31.Qe4 c6 32.b4 Qf5 33.Ke3 Kf7 34.g4 Qb5 35.Qh7+ Kf8
36.Qh6+ Kf7 37.Qh7+ Kf6 38.Kf2 Qd5 39.Qh6+ Kf7 40.Qh7+ Kf6 41.Qh8+ Kf7 42.Kg3
Qb3 43.Qh7+ Kf6 44.Qh6+ Kf7 45.Qxg5 Qxa3 46.Qf4+ Kg7 47.g5 Qxb4 48.Qf6+ Kg8
49.Qxe6+ Kg7 50.Qe5+ Kf7 51.Kg4 Kg8 52.f4 Qb1 53.Qe6+ Kg7 54.Qf6+ Kg8 55.g6
Qd1+ 56.Kg5 Qg1+ 57.Kf5 Qb1+ 58.Ke6 Qe4+ 59.Kd7 {#r} 1-0

[Event "FSIM March 2017"]
[Site "Budapest HUN"]
[Date "2017.03.08"]
[Round "5.1"]
[White "Dencsi,T"]
[Black "Huguet,S"]
[Result "1-0"]
[WhiteElo "2314"]
[BlackElo "2068"]

1.d4 Nf6 2.c4 e6 3.Nf3 b6 4.g3 Bb7 5.Bg2 Be7 6.O-O O-O 7.Nc3 d5 8.Ne5 Nbd7
9.Qa4 Nxe5 10.dxe5 Nd7 11.cxd5 Nxe5 12.d6 {#r} 1-0

[Event "FSIM March 2017"]
[Site "Budapest HUN"]
[Date "2017.03.08"]
[Round "5.2"]
[White "Ilincic,Z"]
[Black "Chekletsov,Egor"]
[Result "1-0"]
[WhiteElo "2397"]
[BlackElo "2106"]

1.d4 Nf6 2.c4 e6 3.g3 c5 4.d5 exd5 5.cxd5 d6 6.Bg2 g6 7.e4 Bg7 8.Ne2 O-O 9.a4
b6 10.O-O Nbd7 11.Ra2 Ba6 12.b3 b5 13.axb5 Bxb5 14.Nbc3 a6 15.Bf4 Qb6 16.Qc2
Nh5 17.Be3 Bxe2 18.Nxe2 Rfb8 19.Rb1 a5 20.Nc3 Nhf6 21.h3 Ne8 22.Bf1 Nc7 23.Kg2
Na6 24.Na4 Qb7 25.Qd1 Nb4 26.Re2 Nb6 27.Re1 Qe7 28.Bd2 Nxa4 29.bxa4 Bd4 30.Bc4
Ra7 31.f4 f6 32.h4 Qg7 33.Qb3 Rab7 34.Bb5 f5 35.e5 dxe5 36.fxe5 Kh8 37.d6 Nc6
38.e6 Ne5 39.Qd5 Rb6 40.e7 {#r} 1-0

[Event "FSIM March 2017"]
[Site "Budapest HUN"]
[Date "2017.03.08"]
[Round "5.3"]
[White "Sredojevic,I"]
[Black "Groetzbach,J"]
[Result "1-0"]
[WhiteElo "2367"]
[BlackElo "2234"]

1.Nf3 d5 2.g3 c6 3.Bg2 Bf5 4.O-O e6 5.d3 h6 6.b3 Nf6 7.Bb2 Be7 8.c4 O-O 9.Nc3
Bh7 10.Rc1 a5 11.cxd5 exd5 12.Re1 Nbd7 13.Nd4 Qb6 14.Na4 Qa7 15.Rxc6 Bb4
16.Nb5 Qb8 17.Rxf6 Nxf6 18.Bxf6 Bxe1 19.Qxe1 gxf6 20.Nb6 Qe5 21.d4 Qf5 22.Nxa8
Rxa8 23.Nc3 Qc2 24.Bxd5 Rc8 25.Bc4 a4 26.d5 a3 27.d6 Rd8 28.e4 b5 29.Bxb5 Rxd6
30.Qe3 Qd2 31.Qf3 Re6 32.Bc4 Qe1+ 33.Kg2 Re7 34.Qxf6 Bxe4+ 35.Kh3 Bh7 36.Ne2
Rd7 37.Nf4 Qe7 38.Nd5 Qd6 39.f3 Bb1 40.b4 Bd3 41.Bb3 Rd8 42.Ne7+ {#r} 1-0

[Event "FSIM March 2017"]
[Site "Budapest HUN"]
[Date "2017.03.08"]
[Round "5.4"]
[White "Lyell,M"]
[Black "Karn,T"]
[Result "1-0"]
[WhiteElo "2224"]
[BlackElo "2131"]

1.e4 e5 2.Nf3 Nc6 3.Bc4 Nf6 4.d3 Be7 5.O-O O-O 6.Re1 d6 7.a4 Kh8 8.a5 a6 9.c3
Ng8 10.d4 f5 11.dxe5 fxe4 12.Rxe4 Bf5 13.Re1 Bg4 14.Be2 dxe5 15.Qxd8 Raxd8
16.h3 Bh5 17.Nbd2 Bg6 18.Nc4 Bc5 19.Be3 Bxe3 20.Nxe3 e4 21.Nh4 Rd2 22.Nc4 Rd5
23.Nxg6+ hxg6 24.Bg4 Nf6 25.Be6 Rd3 26.Kf1 Kh7 27.Ne3 Rd6 28.Bb3 Ne5 29.Nc4
Nxc4 30.Bxc4 Rfd8 31.Bb3 Kh6 32.Rad1 Rd2 33.Rxd2 Rxd2 34.Re2 Rd6 35.Ke1 Kg5
36.Bc2 Rd5 37.b4 Re5 38.g3 Re8 39.f3 e3 40.h4+ Kh6 41.Bb3 g5 42.Rh2 g4 43.Bd1
gxf3 44.Bxf3 Ne4 45.g4 c6 46.c4 Nd2 47.Be2 g6 48.g5+ Kg7 49.h5 gxh5 50.Rxh5
Rh8 51.Rxh8 Kxh8 52.Bd3 Nf3+ 53.Ke2 Nxg5 54.Bf5 Nf7 55.Kxe3 Kg7 56.Kd4 Kf6
57.Bh3 Ke7 58.Kc5 Kd8 59.Kb6 Nd6 60.c5 Nc8+ 61.Kxb7 Ne7 62.Be6 {#r} 1-0

[Event "FSIM March 2017"]
[Site "Budapest HUN"]
[Date "2017.03.08"]
[Round "5.5"]
[White "Bach,Mat"]
[Black "Toth,Be1"]
[Result "0-1"]
[WhiteElo "2211"]
[BlackElo "2347"]

1.e4 c5 2.a3 e6 3.b4 b6 4.bxc5 bxc5 5.Nc3 Nc6 6.Nf3 d6 7.Bb5 Bd7 8.O-O Be7
9.Re1 Nd4 10.Bxd7+ Qxd7 11.e5 Rc8 12.Rb1 Nh6 13.exd6 Bxd6 14.Ne4 Nhf5 15.c3
Nxf3+ 16.Qxf3 O-O 17.d3 Be7 18.Bf4 Nh4 19.Qe2 Ng6 20.Bg5 Bxg5 21.Nxg5 h6
22.Ne4 Rfd8 23.Red1 Qd5 24.f3 Nf4 25.Qe3 Nxd3 26.Rb5 Qc4 27.Rb7 Qa4 28.Rdb1
Qxa3 29.f4 Qa2 30.Qg3 Qc2 31.Rf1 Nc1 32.Qf3 Ne2+ 33.Kh1 Rd1 34.Ng3 Nxg3+
35.hxg3 Rxf1+ 36.Qxf1 Qxc3 37.Kh2 c4 38.Qf2 Qf6 39.Qxa7 c3 40.Rc7 Rxc7 41.Qb8+
Kh7 42.Qxc7 Qd4 43.g4 f5 44.g5 hxg5 {#R} 0-1